| 000 | 00436nam a2200133Ia 4500 | ||
|---|---|---|---|
| 008 | 220217s9999||||xx |||||||||||||| ||und|| | ||
| 020 | _a81-7758-784-6 | ||
| 100 |
_aHeywood, Ian. Cornelius, Sarah. Carver, Steve and Raju, Srin _95849 |
||
| 245 | 0 | _aIntroduction to geographical information systems | |
| 250 | _a2nd | ||
| 260 |
_aPearson education of asia _bNew Delhi _c2007 |
||
| 300 | _b275 | ||
| 650 |
_aINFORMATION SCIENCE _91300 |
||
| 999 |
_c177019 _d177019 |
||